Duerme bellamente /
Guardado en:
| Autor Principal: | |
|---|---|
| Otros Autores: | |
| Formato: | Libro |
| Publicado: |
Buenos Aires :
Cántaro,
2015
|
| Series: | Rincón de lectura. ¿te lo cuento otra vez?
|
| Materias: | |
| Etiquetas: |
Agregar Etiqueta
Sin Etiquetas, Sea el primero en etiquetar este registro!
|
| LEADER | 00759nam a22002415a 4500 | ||
|---|---|---|---|
| 001 | CEM.cems015208 | ||
| 005 | 20191021154246.0 | ||
| 008 | 130507s2015##################000#0#####d | ||
| 003 | CEMS | ||
| 020 | |a 9789507534263 | ||
| 082 | 0 | 4 | |a A868.4 |
| 100 | 1 | |a Zaina, Alicia | |
| 245 | 1 | 0 | |a Duerme bellamente / |c Alicia Zaina ; ilustrado Por Gabriela Thiery |
| 260 | |a Buenos Aires : |b Cántaro, |c 2015 | ||
| 300 | |a 40 p. | ||
| 490 | 0 | |a Rincón de lectura. ¿te lo cuento otra vez? | |
| 653 | |a Literatura | ||
| 653 | |a Literatura argentina | ||
| 653 | |a Literatura infantil | ||
| 653 | |a Cuentos infantiles | ||
| 653 | |a Colección ciencias de la educación | ||
| 700 | 1 | |a Thiery, Gabriela; il. | |
| 859 | |a CEMS |b BIB. CEMS - Ccias. Educacion |h A868.4 |i Z136 |k CE |p 28404.19 |t Ej.1 | ||
